LEADER 01117nam a2200289 i 4500 001 991001403149707536 005 20020507125420.0 008 991123s1998 ||| ||| | eng 020 $a1855218879 035 $ab10215785-39ule_inst 035 $aLE02985290$9ExL 040 $aISUFI - Sett. Diritti e Politiche Euromediterranee$bita 082 0 $a341.2422 100 1 $aFitzpatrick, Peter$0464625 245 10$aEurope's other :$bEuropean law between modernity and postmodernity /$cedited by Peter Fitzpatrick and James Henry Bergeron 260 $aAldershot :$bAshgate/Dartmouth,$c1998 300 $axx, 259 p. ;$c23 cm. 650 4$aCulture and law 650 4$aLaw - European Union countries - Mobility 650 4$aPostmodernism - European Union countries 700 1 $aBergeron, James Henry 907 $a.b10215785$b04-10-06$c27-06-02 912 $a991001403149707536 945 $aLE029 341.2422 FIT01.01$g1$iLE029-0842$lle029$o-$pE0.00$q-$rn$so $t0$u0$v0$w0$x0$y.i10264577$z27-06-02 996 $aEurope's other$9207895 997 $aUNISALENTO 998 $ale029$b01-01-99$cm$da $e-$feng$gxx $h0$i1 LEADER 03583nam 2200769 450 001 9910795420303321 005 20230118153741.0 010 $a1-64469-700-9 010 $a1-64469-699-1 024 7 $a10.1515/9781644696996 035 $a(MiAaPQ)EBC6817929 035 $a(Au-PeEL)EBL6817929 035 $a(CKB)19934886000041 035 $a(OCoLC)1261774514 035 $a(DE-B1597)591072 035 $a(DE-B1597)9781644696996 035 $a(EXLCZ)9919934886000041 100 $a20230118d2021 uy 0 101 0 $aeng 135 $aurcnu|||||||| 181 $ctxt$2rdacontent 182 $cc$2rdamedia 183 $acr$2rdacarrier 200 00$aGoncharov in the twenty-first century /$fedited by Ingrid Kleespies and Lyudmila Parts 210 1$aBoston :$cAcademic Studies Press,$d[2021] 210 4$dİ2021 215 $a1 online resource (264 pages) 225 1 $aStudies in Russian and Slavic literatures, cultures and history 311 08$aPrint version: Kleespies, Ingrid Goncharov in the Twenty-First Century Boston, MA : Academic Studies Press,c2021 9781644696989 320 $aIncludes bibliographical references and index. 327 $tFrontmatter -- $tContents -- $tContributors -- $tNote on Transliteration and Translation -- $tAcknowledgements -- $tIntroduction -- $tPart One. The Life of Service -- $tWriter and Chinovnik: -- $tWriter or Censor: -- $tPart Two. The Challenges of Philosophy -- $t?Oblomovskii Platon?: -- $tHegel?s Philosophy of History as the Unifying Thread of Goncharov?s Trilogy -- $tLonging, Replacement, and Anti-Economy in Oblomov -- $tPart Three. The Challenges of Realism: Traditions and Transgressions -- $t?Shadows, Dead People, and Specters?: -- $tThe Queer Nihilist?Queer Time, Social Refusal, and Heteronormativity in Goncharov?s The Precipice -- $tPart Four. Author and Imperialist Abroad: Frigate Pallada -- $t?I Avoided the Factual Side . . .?: -- $tA Russian Observer Catches the London Eye: -- $tWho are You Laughing at? Identity, Laughter, and Colonial Discourse in Frigate Pallada -- $tWorks Cited -- $tIndex -- $tAbout the Editors 330 $aGoncharov in theTwenty-First Century brings Ivan Goncharov's work into atwenty-first-century critical framework, engaging with approachesfrom post-colonial and queer studies, theories of genre andthe novel, desire, laughter, technology, philosophy, and mobility andtravel. 410 0$aStudies in Russian and Slavic literatures, cultures and history. 606 $aRussian prose literature 606 $aRussian prose literature$y19th century$xHistory and criticism 610 $aA Common Story. 610 $aDerrida. 610 $aFrigate Pallada. 610 $aGoncharov. 610 $aHegel. 610 $aOblomov. 610 $aObyknovennaia istoriia. 610 $aPlato. 610 $aRussian literature. 610 $aSchopenhauer. 610 $aThe Precipice. 610 $acensorship. 610 $acivil service. 610 $adesire. 610 $agothic. 610 $alaughter. 610 $amodernity. 610 $aqueer studies. 610 $arealism. 610 $atravelogue. 615 0$aRussian prose literature. 615 0$aRussian prose literature$xHistory and criticism. 676 $a891.733 702 $aKleespies$b Ingrid 702 $aParts$b Lyudmila 801 0$bMiAaPQ 801 1$bMiAaPQ 801 2$bMiAaPQ 906 $aBOOK 912 $a9910795420303321 996 $aGoncharov in the twenty-first century$93766571 997 $aUNINA